<?xml version="1.0" encoding="UTF-8"?><?xml-stylesheet type="text/xsl" href="static/style.xsl"?><OAI-PMH xmlns="http://www.openarchives.org/OAI/2.0/" xmlns:xsi="http://www.w3.org/2001/XMLSchema-instance" xsi:schemaLocation="http://www.openarchives.org/OAI/2.0/ http://www.openarchives.org/OAI/2.0/OAI-PMH.xsd"><responseDate>2026-06-07T15:52:23Z</responseDate><request verb="GetRecord" identifier="oai:docta.ucm.es:20.500.14352/45354" metadataPrefix="marc">https://docta.ucm.es/rest/oai/request</request><GetRecord><record><header><identifier>oai:docta.ucm.es:20.500.14352/45354</identifier><datestamp>2024-06-13T16:25:54Z</datestamp><setSpec>com_20.500.14352_14</setSpec><setSpec>col_20.500.14352_21</setSpec></header><metadata><record xmlns="http://www.loc.gov/MARC21/slim" xmlns:dcterms="http://purl.org/dc/terms/" xmlns:xsi="http://www.w3.org/2001/XMLSchema-instance" xmlns:doc="http://www.lyncode.com/xoai" xsi:schemaLocation="http://www.loc.gov/MARC21/slim http://www.loc.gov/standards/marcxml/schema/MARC21slim.xsd">
   <leader>00925njm 22002777a 4500</leader>
   <datafield ind2=" " ind1=" " tag="042">
      <subfield code="a">dc</subfield>
   </datafield>
   <datafield ind2=" " ind1=" " tag="720">
      <subfield code="a">Gallego Lupiáñez, Francisco</subfield>
      <subfield code="e">author</subfield>
   </datafield>
   <datafield ind2=" " ind1=" " tag="260">
      <subfield code="c">2010</subfield>
   </datafield>
   <datafield ind1="8" ind2=" " tag="024">
      <subfield code="a">Liu Y.-M and Luo M.-K., Fuzzy Topology, World Scientific (Singapore), 1997.
R. Lowen, "Topologies flous", C.R. Acad. Sc. Paris, ser. A, Vol 278, pp. 925-928, 1974.
R. Lowen, "Fuzzy topological spaces and fuzzy compactness", J. Math. Anal. Appl., Vol 56, pp. 621- 633. 1976.
R. Lowen, "A comparison of different compactness notions in fuzzy topological spaces" J. Math. Anal. Appl., Vol 64, pp. 446-454, 1978.
N. Palaniappan, Fuzzy Topology, CRC Press, Boca Raton, FL, 2002.
E. Wattel, The compactness operator in Set-Theory and Topology, Math. Centr. (Amsterdam), 1979.</subfield>
   </datafield>
   <datafield ind1="8" ind2=" " tag="024">
      <subfield code="a">978-960-474-252-3</subfield>
   </datafield>
   <datafield ind1="8" ind2=" " tag="024">
      <subfield code="a">10.1108/03684921211213025</subfield>
   </datafield>
   <datafield ind1="8" ind2=" " tag="024">
      <subfield code="a">https://hdl.handle.net/20.500.14352/45354</subfield>
   </datafield>
   <datafield ind1="8" ind2=" " tag="024">
      <subfield code="a">https//doi.org/10.1108/03684921211213025</subfield>
   </datafield>
   <datafield ind1="8" ind2=" " tag="024">
      <subfield code="a">http://www.emerald.com/</subfield>
   </datafield>
   <datafield ind2="0" ind1="0" tag="245">
      <subfield code="a">On Lowen's fuzzy compact spaces</subfield>
   </datafield>
</record></metadata></record></GetRecord></OAI-PMH>